Thaiszia journal of botany

Bibliographic Details
Other Authors: Mochnacký, Sergej, 1953- (Publishing director), Mártonfi, Pavol, 1964- (Publishing director)
Format: Journal
Language:English
PhysicalDescription:zv. 24-25 cm
Online vydanie: Thaiszia (Online) ISSN 2644-5441
Published: Košice Botanical Garden, P. J. Šafárik University 1991-
ISSN:1210-0420
Subjects:
Online Access:http://www.bz.upjs.sk/thaiszia/

MARC

LEADER 00000cas a2200000 a 4500
001 vtls008424720
003 SK-MaSNL
005 20260228160527.0
008 130828c19919999xo fr p 0 a0eng
022 |a 1210-0420 
035 |a (SVKBB03)vtls000065203 
040 |a SVKPO  |b slo  |c SVKPO  |d SNK  |d SVKBB  |d SAVUK  |e AACR2 
041 0 |a eng 
044 |a xo  |c SK 
072 7 |a 58  |x Botanika  |2 konspekt 
080 |a 58:069.029  |2 2011 
080 |a 050  |2 2011 
080 |a (051)-027.561  |2 2011 
080 |a 58  |2 2011 
210 0 |a Thaiszia  |b (Košice) 
222 |a Thaiszia  |b (Košice) 
245 0 0 |a Thaiszia  |b journal of botany 
260 |a Košice  |b Botanical Garden, P. J. Šafárik University  |c 1991- 
300 |a zv.  |c 24-25 cm 
310 |a 2x ročne  |b 1994- 
321 |a 1x ročne  |b 1991-1993 
362 0 |a Vol. 1, no.1 (1991)- 
500 |a Šéfredaktor: ?-2012, Sergej Mochnacký, 2021, Pavol Mártonfi 
515 |a Niektoré čísla vychádzajú ako dvojčísla 
530 |a Online vydanie: Thaiszia (Online) ISSN 2644-5441 
555 |a Register rokov 1991-2000 
650 0 7 |a botanické záhrady  |2 SNKPH  |9 69138 
650 0 7 |a botanika  |2 SNKPH  |9 688 
655 7 |a odborné časopisy  |2 SNKPH  |9 70505 
700 1 |a Mochnacký, Sergej,  |d 1953-  |4 pbd  |9 119105 
700 1 |a Mártonfi, Pavol,  |d 1964-  |4 pbd  |9 221399 
710 2 |a Univerzita Pavla Jozefa Šafárika v Košiciach.  |b Botanická záhrada  |4 pbl  |9 108571 
852 |a Štátna vedecká knižnica v Banskej Bystrici 
856 4 1 |u http://www.bz.upjs.sk/thaiszia/ 
910 |a svkpo 
910 |a savuk 
910 |a snmk 
910 |a snk 
916 |a 1991-2015, suppl. 2015, 2016-2018 
999 |c 2879  |d 4809 
952 |0 0  |1 0  |4 0  |7 0  |8 0  |a SNK  |b SNK  |d 2020-03-20  |i snk2020/6847  |l 0  |o snkČSC 3220/25/2015 D1  |p 17A1387707  |r 2026-02-21 19:32:10  |t supplementum  |w 2026-02-21  |y PREZ 
952 |0 0  |1 0  |4 0  |7 0  |8 0  |a SNK  |b SNK  |d 2022-06-09  |i snk2022/9330  |l 0  |o snkČSC 3220/29/2019  |p 17A1463058  |r 2026-02-21 20:01:56  |t č. 1-2  |w 2026-02-21  |y PREZ 
952 |0 0  |1 0  |4 0  |7 0  |8 0  |a SNK  |b SNK  |d 2022-06-09  |i snk2022/9332  |l 0  |o snkČSC 3220/30/2020  |p 17A1463057  |r 2026-02-21 20:01:56  |t č. 1-2  |w 2026-02-21  |y PREZ 
952 |0 0  |1 0  |4 0  |7 0  |8 0  |a SNK  |b SNK  |d 2022-06-09  |i snk2022/9333  |l 0  |o snkČSC 3220/31/2021  |p 17A1463405  |r 2026-02-21 20:01:56  |t č. 1-2  |w 2026-02-21  |y PREZ 
952 |0 0  |1 0  |4 0  |7 0  |a SNK  |b SNK  |d 2006-11-29  |f 1  |i snkČSP 170/1996  |l 0  |o snkČSC 3220/2/1992  |p 17A0530533  |r 2026-02-21 20:04:41  |t č. 2  |w 2026-02-21  |y PREZ 
952 |0 0  |1 0  |3 rekatalogizácia  |4 0  |7 0  |a SNK  |b SNK  |d 2007-01-16  |f 1  |i snkČSP 2309/2000  |l 0  |o snkČSC 3220/7/1997  |p 17A0536657  |r 2026-02-21 20:19:27  |t č. 1-2  |w 2026-02-21  |y PREZ 
952 |0 0  |1 0  |4 0  |7 0  |8 0  |a SNK  |b SNK  |d 2020-03-20  |i snk2020/6860  |l 0  |o snkČSC 3220/27/2017 D1  |p 17A1387872  |r 2026-02-21 20:32:29  |t č. 1-2  |w 2026-02-21  |y PREZ 
952 |0 0  |1 0  |4 0  |7 0  |a SNK  |b SNK  |d 1999-01-13  |l 0  |o snkČSC 3220/3/1993 D1  |p 17A0176723  |r 2005-01-02 00:00:00  |w 2026-02-21  |y PREZ 
952 |0 0  |1 0  |4 0  |7 0  |a SNK  |b SNK  |d 2004-11-18  |f 1  |i snkČSP 2624/2000  |l 0  |o snkČSC 3220/4/1994  |p 17A0447767  |r 2005-01-02 00:00:00  |t č. 1-2  |w 2026-02-21  |y PREZ 
952 |0 0  |1 0  |4 0  |7 0  |a SNK  |b SNK  |d 2004-11-18  |f 1  |i snkČSP 168/1996  |l 0  |o snkČSC 3220/3/1993  |p 17A0867449  |r 2005-01-02 00:00:00  |t č. 1  |w 2026-02-21  |y PREZ 
952 |0 0  |1 0  |4 0  |7 0  |8 0  |a SNK  |b SNK  |d 2013-08-27  |f 1  |i snk2013/19937  |l 0  |o snkČSC 3220/12/2002  |p 17A0751145  |r 2026-02-21 21:23:51  |t č. 1-2  |w 2026-02-21  |y PREZ 
952 |0 0  |1 0  |4 0  |7 0  |8 0  |a SNK  |b SNK  |d 2013-08-27  |i snk2013/19938  |l 0  |o snkČSC 3220/reg. 1991-2000  |p 17A0751146  |r 2026-02-21 21:23:51  |t č. 1  |w 2026-02-21  |y PREZ 
952 |0 0  |1 0  |4 0  |7 0  |8 0  |a SNK  |b SNK  |d 2013-08-27  |i snk2013/19939  |l 0  |o snkČSC 3220/12/2002 D1  |p 17A0751147  |r 2026-02-21 21:23:51  |t č. 1-2  |w 2026-02-21  |y PREZ 
952 |0 0  |1 0  |4 0  |7 0  |8 0  |a SNK  |b SNK  |d 2013-08-27  |i snk2013/19942  |l 0  |o snkČSC 3220/reg. 1991-2000 D1   |p 17A0751148  |r 2026-02-21 21:23:51  |w 2026-02-21  |y PREZ 
952 |0 0  |1 0  |4 0  |7 0  |8 0  |a SNK  |b SNK  |d 2013-08-27  |f 1  |i snk2013/19943  |l 0  |o snkČSC 3220/13/2003  |p 17A0751149  |r 2026-02-21 21:23:51  |t č. 1-2  |w 2026-02-21  |y PREZ 
952 |0 0  |1 0  |4 0  |7 0  |8 0  |a SNK  |b SNK  |d 2013-08-27  |i snk2013/19944  |l 0  |o snkČSC 3220/13/2003 D1  |p 17A0751150  |r 2026-02-21 21:23:51  |t č. 1-2  |w 2026-02-21  |y PREZ 
952 |0 0  |1 0  |4 0  |7 0  |8 0  |a SNK  |b SNK  |d 2013-08-27  |f 1  |i snk2013/19945  |l 0  |o snkČSC 3220/14/2004  |p 17A0751151  |r 2026-02-21 21:23:51  |t č. 1-2  |w 2026-02-21  |y PREZ 
952 |0 0  |1 0  |4 0  |7 0  |8 0  |a SNK  |b SNK  |d 2013-08-28  |i snk2013/19956  |l 0  |o snkČSC 3220/14/2004 D1  |p 17A0751152  |r 2026-02-21 21:23:52  |t č. 1-2 + 1 suppl.  |w 2026-02-21  |y PREZ 
952 |0 0  |1 0  |4 0  |7 0  |8 0  |a SNK  |b SNK  |d 2013-08-28  |f 1  |i snk2013/19981  |l 0  |o snkČSC 3220/15/2005  |p 17A0751153  |r 2026-02-21 21:23:52  |t č. 1-2 + 1 suppl.  |w 2026-02-21  |y PREZ 
952 |0 0  |1 0  |4 0  |7 0  |8 0  |a SNK  |b SNK  |d 2013-08-28  |i snk2013/19983  |l 0  |o snkČSC 3220/15/2005 D1  |p 17A0751154  |r 2026-02-21 21:23:55  |t č. 2 + 1 suppl., neúplné  |w 2026-02-21  |y PREZ  |z chýba č. 1 
952 |0 0  |1 0  |4 0  |7 0  |8 0  |a SNK  |b SNK  |d 2013-08-28  |f 1  |i snk2013/19984  |l 0  |o snkČSC 3220/16/2006  |p 17A0751155  |r 2026-02-21 21:23:55  |t č. 1-2  |w 2026-02-21  |y PREZ 
952 |0 0  |1 0  |4 0  |7 0  |8 0  |a SNK  |b SNK  |d 2013-08-28  |i snk2013/19985  |l 0  |o snkČSC 3220/16/2006 D1  |p 17A0751156  |r 2026-02-21 21:23:56  |t č. 1-2  |w 2026-02-21  |y PREZ 
952 |0 0  |1 0  |4 0  |7 0  |8 0  |a SNK  |b SNK  |d 2013-08-28  |f 1  |i snk2013/19986  |l 0  |o snkČSC 3220/17/2007  |p 17A0751157  |r 2026-02-21 21:23:56  |t č. 1-2  |w 2026-02-21  |y PREZ 
952 |0 0  |1 0  |4 0  |7 0  |8 0  |a SNK  |b SNK  |d 2013-08-28  |i snk2013/19987  |l 0  |o snkČSC 3220/17/2007 D1  |p 17A0751158  |r 2026-02-21 21:23:56  |t č. 1-2  |w 2026-02-21  |y PREZ 
952 |0 0  |1 0  |4 0  |7 0  |8 0  |a SNK  |b SNK  |d 2013-08-28  |f 1  |i snk2013/19988  |l 0  |o snkČSC 3220/18/2008  |p 17A0751159  |r 2026-02-21 21:23:56  |t č. 1-2 + 1 suppl.  |w 2026-02-21  |y PREZ 
952 |0 0  |1 0  |4 0  |7 0  |8 0  |a SNK  |b SNK  |d 2013-08-28  |i snk2013/19989  |l 0  |o snkČSC 3220/18/2008 D1  |p 17A0751160  |r 2026-02-21 21:23:56  |t č. 1-2 + 1 suppl.  |w 2026-02-21  |y PREZ 
952 |0 0  |1 0  |4 0  |7 0  |8 0  |a SNK  |b SNK  |d 2013-08-28  |f 1  |i snk2013/19990  |l 0  |o snkČSC 3220/19/2009  |p 17A0751161  |r 2026-02-21 21:23:56  |t č. 1-2 + 1 suppl.  |w 2026-02-21  |y PREZ 
952 |0 0  |1 0  |4 0  |7 0  |8 0  |a SNK  |b SNK  |d 2013-08-28  |i snk2013/19991  |l 0  |o snkČSC 3220/19/2009 D1  |p 17A0751162  |r 2026-02-21 21:23:56  |t č. 1-2 + 1 suppl.  |w 2026-02-21  |y PREZ 
952 |0 0  |1 0  |4 0  |7 0  |8 0  |a SNK  |b SNK  |d 2013-08-28  |f 1  |i snk2013/19992  |l 0  |o snkČSC 3220/20/2010  |p 17A0751163  |r 2026-02-21 21:23:56  |t č. 1-2  |w 2026-02-21  |y PREZ 
952 |0 0  |1 0  |4 0  |7 0  |8 0  |a SNK  |b SNK  |d 2013-08-28  |i snk2013/19993  |l 0  |o snkČSC 3220/20/2010 D1  |p 17A0751164  |r 2026-02-21 21:23:56  |t č. 1-2  |w 2026-02-21  |y PREZ 
952 |0 0  |1 0  |4 0  |7 0  |8 0  |a SNK  |b SNK  |d 2013-08-28  |f 1  |i snk2013/19994  |l 0  |o snkČSC 3220/21/2011  |p 17A0751165  |r 2026-02-21 21:23:56  |t č. 1-2  |w 2026-02-21  |y PREZ 
952 |0 0  |1 0  |4 0  |7 0  |8 0  |a SNK  |b SNK  |d 2013-08-28  |i snk2013/19995  |l 0  |o snkČSC 3220/21/2011 D1  |p 17A0751166  |r 2026-02-21 21:23:56  |t č. 1-2  |w 2026-02-21  |y PREZ 
952 |0 0  |1 0  |4 0  |7 0  |8 0  |a SNK  |b SNK  |d 2013-08-28  |f 1  |i snk2013/19996  |l 0  |o snkČSC 3220/22/2012  |p 17A0751167  |r 2026-02-21 21:23:56  |t č. 1-2  |w 2026-02-21  |y PREZ 
952 |0 0  |1 0  |4 0  |7 0  |8 0  |a SNK  |b SNK  |d 2013-08-28  |i snk2013/19997  |l 0  |o snkČSC 3220/22/2012 D1  |p 17A0751168  |r 2026-02-21 21:23:56  |t č. 1-2  |w 2026-02-21  |y PREZ 
952 |0 0  |1 0  |4 0  |7 0  |a SNK  |b SNK  |d 2013-09-03  |f 1  |i snkČSP 2311/2000  |l 0  |o snkČSC 3220/6/1996  |p 17A1085486  |r 2026-02-21 21:24:02  |t č. 1-2  |w 2026-02-21  |y PREZ 
952 |0 0  |1 0  |4 0  |7 0  |a SNK  |b SNK  |d 2013-09-03  |f 1  |i snkČSP 2313/2000  |l 0  |o snkČSC 3220/5/1995  |p 17A1085487  |r 2026-02-21 21:24:02  |t č. 1-2  |w 2026-02-21  |y PREZ 
952 |0 0  |1 0  |4 0  |7 0  |a SNK  |b SNK  |d 2013-09-03  |f 1  |i snkČSP 2305/2000  |l 0  |o snkČSC 3220/8/1998  |p 17A1085488  |r 2026-02-21 21:24:02  |t č. 1-2  |w 2026-02-21  |y PREZ 
952 |0 0  |1 0  |4 0  |7 0  |a SNK  |b SNK  |d 2013-09-03  |f 1  |i snkČSP 2307/2000  |l 0  |o snkČSC 3220/9/1999  |p 17A1085489  |r 2026-02-21 21:24:02  |t č. 1-2  |w 2026-02-21  |y PREZ 
952 |0 0  |1 0  |4 0  |7 0  |a SNK  |b SNK  |d 2013-09-03  |f 1  |i snkČSP 1019/2003  |l 0  |o snkČSC 3220/10/2000  |p 17A1085490  |r 2026-02-21 21:24:02  |t č. 1-2  |w 2026-02-21  |y PREZ 
952 |0 0  |1 0  |4 0  |7 0  |a SNK  |b SNK  |d 2013-09-03  |f 1  |i snkČSP 1017/2003  |l 0  |o snkČSC 3220/11/2001  |p 17A1085491  |r 2026-02-21 21:24:02  |t č. 1-2  |w 2026-02-21  |y PREZ 
952 |0 0  |1 0  |4 0  |7 0  |a SNK  |b SNK  |d 1999-04-06  |l 0  |o snkČSC 3220/2/1992 D1  |p 17A0182095  |r 2005-01-02 00:00:00  |w 2026-02-21  |y PREZ 
952 |0 0  |1 0  |4 0  |7 0  |a SNK  |b SNK  |d 1999-04-06  |l 0  |o snkČSC 3220/1/1991 D1  |p 17A0188484  |r 2005-01-02 00:00:00  |w 2026-02-21  |y PREZ 
952 |0 0  |1 0  |3 rekatalogizácia  |4 0  |7 0  |a SNK  |b SNK  |d 2009-06-29  |i snk2000/2308  |l 0  |o snkČSC 3220/9/1999 D1  |p 17A0621540  |r 2026-02-21 21:41:19  |t č. 1-2  |w 2026-02-21  |y PREZ 
952 |0 0  |1 0  |4 0  |7 0  |a SNK  |b SNK  |d 2013-10-30  |f 1  |i snkČSP 166/1996  |l 0  |o snkČSC 3220/1/1991  |p 17A0447604  |r 2026-02-21 21:42:59  |t č. 1  |w 2026-02-21  |y PREZ 
952 |0 0  |1 0  |4 0  |7 0  |8 0  |a SNK  |b SNK  |d 2020-03-20  |i snk2020/6863  |l 0  |o snkČSC 3220/28/2018 D1  |p 17A1387873  |r 2026-02-21 21:44:50  |t č. 1-2  |w 2026-02-21  |y PREZ 
952 |0 0  |1 0  |4 0  |7 0  |8 0  |a SNK  |b SNK  |d 2015-06-22  |f 1  |i snk2015/19366  |l 0  |o snkČSC 3220/23/2013  |p 17A1144224  |r 2026-02-21 21:46:11  |t č. 1-2  |w 2026-02-21  |y PREZ 
952 |0 0  |1 0  |4 0  |7 0  |8 0  |a SNK  |b SNK  |d 2015-06-22  |i snk2015/19369  |l 0  |o snkČSC 3220/23/2013 D1  |p 17A1144223  |r 2026-02-21 21:46:11  |t č. 1-2  |w 2026-02-21  |y PREZ 
952 |0 0  |1 0  |4 0  |7 0  |8 0  |a SNK  |b SNK  |d 2015-06-22  |f 1  |i snk2015/19375  |l 0  |o snkČSC 3220/24/2014  |p 17A1144222  |r 2026-02-21 21:46:11  |t č. 1-2  |w 2026-02-21  |y PREZ 
952 |0 0  |1 0  |4 0  |7 0  |8 0  |a SNK  |b SNK  |d 2015-06-22  |i snk2015/19377  |l 0  |o snkČSC 3220/24/2014 D1  |p 17A1144221  |r 2026-02-21 21:46:11  |t č. 1-2, neúplné  |w 2026-02-21  |y PREZ  |z Chýba č. 2 
952 |0 0  |1 0  |4 0  |7 0  |8 0  |a SNK  |b SNK  |d 2020-03-19  |f 1  |i snk2020/6835  |l 0  |o snkČSC 3220/25/2015  |p 17A1387706  |r 2026-02-21 21:52:57  |t supplementum  |w 2026-02-21  |y PREZ 
952 |0 0  |1 0  |4 0  |7 0  |8 0  |a SNK  |b SNK  |d 2020-03-20  |f 1  |i snk2020/6852  |l 0  |o snkČSC 3220/26/2016  |p 17A1387868  |r 2026-02-21 21:52:57  |t č. 1-2  |w 2026-02-21  |y PREZ 
952 |0 0  |1 0  |4 0  |7 0  |8 0  |a SNK  |b SNK  |d 2020-03-20  |f 1  |i snk2020/6855  |l 0  |o snkČSC 3220/27/2017  |p 17A1387869  |r 2026-02-21 21:52:57  |t č. 1-2  |w 2026-02-21  |y PREZ 
952 |0 0  |1 0  |4 0  |7 0  |8 0  |a SNK  |b SNK  |d 2020-03-20  |f 1  |i snk2020/6856  |l 0  |o snkČSC 3220/28/2018  |p 17A1387870  |r 2026-02-21 21:52:57  |t č. 1-2  |w 2026-02-21  |y PREZ 
952 |0 0  |1 0  |4 0  |7 0  |8 0  |a SNK  |b SNK  |d 2020-03-20  |i snk2020/6859  |l 0  |o snkČSC 3220/26/2016 D1  |p 17A1387871  |r 2026-02-21 21:52:57  |t č. 1-2  |w 2026-02-21  |y PREZ 
952 |0 0  |1 0  |4 0  |7 0  |8 0  |a SNK  |b SNK  |d 2016-02-17  |f 1  |i snk2016/4350  |l 0  |o snkČSC 3220/25/2015  |p 17A1098483  |r 2026-02-21 22:02:20  |t č. 1-2  |w 2026-02-21  |y PREZ 
952 |0 0  |1 0  |4 0  |7 0  |8 0  |a SNK  |b SNK  |d 2016-02-17  |i snk2016/4353  |l 0  |o snkČSC 3220/25/2015 D1  |p 17A1098484  |r 2026-02-21 22:02:21  |t č. 1-2  |w 2026-02-21  |y PREZ